[Event "De Verteuil Memorial 26th"]
[Site "Port of Spain"]
[Date "2018.10.25"]
[Round "4"]
[White "Hunte, Keelan"]
[Black "Patihk, Marc"]
[Result "1-0"]
[WhiteElo "1590"]
[BlackElo "1635"]
[PlyCount "75"]
[EventDate "2018.10.04"]
[EventType "swiss"]
[EventRounds "7"]
[EventCountry "TRI"]
[SourceTitle "CBM 187 Extra"]
[Source "ChessBase"]
[SourceDate "2018.11.04"]
[SourceVersion "1"]
[SourceVersionDate "2018.11.04"]
[SourceQuality "1"]

1. d4 Nf6 2. c4 d5 3. Nc3 g6 4. Nf3 Bg7 5. Bg5 Bg4 6. Qd2 Ne4 7. Nxe4 dxe4 8. Ne5 Bxe5 9. dxe5 Qxd2+ 10. Bxd2 c5 11. Bc3 0-0 12. h3 Be6 13. b3 Rd8 14. g4 Nc6 15. Bg2 Nd4 16. Bxe4 Rab8 17. e3 f5 18. exf6 Nc6 19. fxe7 Nxe7 20. Be5 Nc6 21. Bxc6 bxc6 22. Bxb8 Rxb8 23. Rd1 h5 24. Rd6 Bf7 25. Rxc6 hxg4 26. hxg4 Rd8 27. Ke2 a5 28. Rxc5 a4 29. b4 Rb8 30. b5 Kg7 31. g5 Be6 32. Rc7+ Kg8 33. Rh6 Bf5 34. f3 Bb1 35. a3 Rd8 36. b6 Bd3+ 37. Kf2 Bc2 38. b7 1-0

[Event "De Verteuil Memorial 26th"]
[Site "Port of Spain"]
[Date "2018.10.11"]
[Round "2"]
[White "Valentine, Bryan"]
[Black "Patihk, Marc"]
[Result "0-1"]
[WhiteElo "1424"]
[BlackElo "1635"]
[PlyCount "64"]
[EventDate "2018.10.04"]
[EventType "swiss"]
[EventRounds "7"]
[EventCountry "TRI"]
[SourceTitle "CBM 187 Extra"]
[Source "ChessBase"]
[SourceDate "2018.11.04"]
[SourceVersion "1"]
[SourceVersionDate "2018.11.04"]
[SourceQuality "1"]

1. Nf3 b6 2. g3 Bb7 3. Bg2 e5 4. e3 e4 5. Nd4 c5 6. Nb3 g6 7. d3 Nf6 8. Nc3 d5 9. dxe4 Nxe4 10. Nxe4 dxe4 11. Qxd8+ Kxd8 12. 0-0 Bg7 13. Nd2 f5 14. Nc4 Ba6 15. Rd1+ Ke7 16. Nd2 Nd7 17. Rb1 Rad8 18. c4 Ne5 19. b3 Nd3 20. a4 Rd7 21. Ba3 Rhd8 22. Nf1 Bc3 23. g4 Bb7 24. gxf5 gxf5 25. Ng3 Ke6 26. Bh3 Rf7 27. Nxe4 Bf6 28. Nxf6 Rxf6 29. Bf1 Rg6+ 30. Bg2 Bxg2 31. f4 Bh3+ 32. Kh1 Nf2# 0-1

[Event "De Verteuil Memorial 26th"]
[Site "Port of Spain"]
[Date "2018.10.04"]
[Round "1"]
[White "Patihk, Marc"]
[Black "Cobham, Marcus"]
[Result "0-1"]
[WhiteElo "1635"]
[BlackElo "2013"]
[PlyCount "50"]
[EventDate "2018.10.04"]
[EventType "swiss"]
[EventRounds "7"]
[EventCountry "TRI"]
[SourceTitle "CBM 187 Extra"]
[Source "ChessBase"]
[SourceDate "2018.11.04"]
[SourceVersion "1"]
[SourceVersionDate "2018.11.04"]
[SourceQuality "1"]

1. b3 Nf6 2. Bb2 d5 3. d3 c5 4. g3 g6 5. Nd2 Bg7 6. c4 0-0 7. Bg2 Nc6 8. cxd5 Nb4 9. Ngf3 Qxd5 10. Nc4 Qh5 11. a3 Nc6 12. Nfe5 Nd4 13. Nf3 Bh3 14. Bxh3 Qxh3 15. Nxd4 cxd4 16. Bxd4 Rfd8 17. Be5 Qg2 18. Kd2 Ne4+ 19. Kc2 Nxf2 20. Qf1 Qxh1 21. Qxf2 Qc6 22. Kd2 Bxe5 23. Nxe5 Qd5 24. Qf4 Qxb3 25. Qc4 Qb2+ 0-1

[Event "Port of Spain Knights op 45th"]
[Site "Port of Spain"]
[Date "2018.05.03"]
[Round "5"]
[White "Inkim, Matthew"]
[Black "Patihk, Marc"]
[Result "1-0"]
[WhiteElo "1535"]
[BlackElo "1639"]
[PlyCount "73"]
[EventDate "2018.04.05"]
[EventType "swiss"]
[EventRounds "7"]
[EventCountry "TRI"]
[SourceTitle "CBM 184 Extra"]
[Source "ChessBase"]
[SourceDate "2018.06.28"]
[SourceVersion "1"]
[SourceVersionDate "2018.06.28"]
[SourceQuality "1"]

1. e4 e6 2. Nf3 d5 3. exd5 exd5 4. d4 Nc6 5. c3 Bd6 6. Bb5 Bd7 7. Be3 a6 8. Ba4 h6 9. Nbd2 Nf6 10. Qc2 b5 11. Bb3 Na5 12. h3 c6 13. a4 Nc4 14. Nxc4 bxc4 15. Ba2 Qe7 16. 0-0 0-0 17. Rae1 Qd8 18. Bb1 Qc7 19. Ne5 Rae8 20. Bf4 Re7 21. Re3 c5 22. Rfe1 cxd4 23. cxd4 Qa5 24. Kf1 Bxa4 25. Qf5 Bd7 26. Nxd7 Rxd7 27. Be5 Bxe5 28. dxe5 Ne4 29. Rxe4 Qb5 30. R4e2 g6 31. Qf6 d4 32. e6 fxe6 33. Qxe6+ Rdf7 34. Bxg6 d3 35. Bxf7+ Rxf7 36. Qg6+ Kf8 37. Qxh6+ 1-0

[Event "Port of Spain op 44th"]
[Site "Port of Spain"]
[Date "2017.05.11"]
[Round "4"]
[White "Patihk, Marc"]
[Black "Valentine, Bryan"]
[Result "1/2-1/2"]
[WhiteElo "1639"]
[BlackElo "1499"]
[PlyCount "79"]
[EventDate "2017.04.20"]
[EventType "swiss"]
[EventRounds "7"]
[EventCountry "TRI"]
[SourceTitle "EXT 2018"]
[Source "ChessBase"]
[SourceDate "2017.10.13"]
[SourceVersion "1"]
[SourceVersionDate "2017.10.13"]
[SourceQuality "1"]

1. b4 Nf6 2. Bb2 g6 3. c4 Bg7 4. d3 d6 5. Nd2 0-0 6. Rb1 b6 7. Ne4 e5 8. Nxf6+ Qxf6 9. e4 Nc6 10. Ne2 Nxb4 11. Bxe5 Nxd3+ 12. Qxd3 dxe5 13. Nc3 c6 14. Be2 Be6 15. 0-0 Rad8 16. Qe3 Rd4 17. f4 Bh6 18. g3 Bxc4 19. Bxc4 Rxc4 20. Rbd1 exf4 21. Ne2 fxe3 22. Rxf6 Rxe4 23. Rxc6 Rfe8 24. Rd7 R8e7 25. Rd8+ Kg7 26. Rcc8 f5 27. Kg2 Kf6 28. Kf3 Bg7 29. Rd6+ Kf7 30. h4 Be5 31. Rdd8 Bg7 32. Rd3 Re8 33. Rd7+ R8e7 34. Rcc7 Bh6 35. Rxa7 Rxd7 36. Rxd7+ Re7 37. Rd6 Re6 38. Rd7+ Kf6 39. Rxh7 Bf8 40. Nf4 1/2-1/2

[Event "De Verteuil Memorial 24th"]
[Site "Port of Spain"]
[Date "2016.10.27"]
[Round "4"]
[White "James, Shemilah"]
[Black "Patihk, Marc"]
[Result "0-1"]
[WhiteElo "1473"]
[BlackElo "1648"]
[PlyCount "114"]
[EventDate "2016.10.06"]
[EventType "swiss"]
[EventRounds "7"]
[EventCountry "TRI"]
[SourceTitle "EXT 2018"]
[Source "ChessBase"]
[SourceDate "2017.10.13"]
[SourceVersion "1"]
[SourceVersionDate "2017.10.13"]
[SourceQuality "1"]

1. e4 e6 2. d4 d5 3. Nd2 c5 4. c3 Qb6 5. Ne2 Nc6 6. exd5 exd5 7. Nf3 cxd4 8. Nexd4 Bc5 9. Bb5 Bg4 10. Bxc6+ bxc6 11. Qe2+ Ne7 12. Be3 Bxf3 13. Qxf3 Qxb2 14. 0-0 0-0 15. Nf5 Qa3 16. Nxe7+ Bxe7 17. Bd4 Bc5 18. Rfd1 Rab8 19. h3 Bxd4 20. Rxd4 Rb2 21. Rg4 Rxa2 22. Rxa2 Qxa2 23. Qf6 Qb1+ 24. Kh2 Qb8+ 25. Kg1 g6 26. h4 Re8 27. Rf4 Qc7 28. g3 c5 29. h5 Re6 30. Qh4 Qe7 31. Qxe7 Rxe7 32. h6 f5 33. Ra4 Kf7 34. Ra6 Ke8 35. Rc6 c4 36. Rd6 Rd7 37. Re6+ Kd8 38. Kf1 Kc8 39. Ke2 Kd8 40. Ra6 Kc8 41. Ke3 Kb7 42. Ra4 Kb6 43. Kd4 a5 44. Ra1 Kb5 45. Rb1+ Kc6 46. Ra1 Ra7 47. Ke5 a4 48. Ra3 Kc5 49. f3 d4 50. cxd4+ Kb4 51. Ra1 Kb3 52. d5 Kb2 53. Rd1 c3 54. d6 c2 55. Rd2 a3 56. d7 Rxd7 57. Rxd7 c1Q 0-1

[Event "Port of Spain Knights op"]
[Site "Port of Spain"]
[Date "2015.05.14"]
[Round "5"]
[White "Patihk, Marc"]
[Black "Maynard, David"]
[Result "0-1"]
[WhiteElo "1654"]
[BlackElo "1741"]
[PlyCount "82"]
[EventDate "2015.04.16"]
[EventType "swiss"]
[EventRounds "7"]
[EventCountry "TRI"]
[SourceTitle "EXT 2016"]
[Source "ChessBase"]
[SourceDate "2015.10.08"]
[SourceVersion "1"]
[SourceVersionDate "2015.10.08"]
[SourceQuality "1"]

1. c4 Nf6 2. Nc3 e6 3. e4 d6 4. d4 b6 5. g3 Be7 6. Bg2 Bb7 7. Nge2 0-0 8. 0-0 a6 9. f4 c5 10. d5 Qc7 11. b3 Nbd7 12. Qc2 e5 13. Rb1 Rac8 14. Nd1 Qd8 15. Nf2 h5 16. Nd3 Ng4 17. h3 Nh6 18. fxe5 dxe5 19. Bxh6 gxh6 20. Rf5 Bg5 21. Nxe5 Nxe5 22. Rxe5 Be3+ 23. Kh2 h4 24. Qd3 hxg3+ 25. Kh1 Qd6 26. Rf5 Bf2 27. Qf3 Rce8 28. Rf6 Qe5 29. Rxh6 Bc8 30. Qf6 Qxf6 31. Rxf6 b5 32. Bf1 Rxe4 33. cxb5 axb5 34. Nc3 Rh4 35. Rxf2 gxf2 36. Rb2 Bxh3 37. Bxh3 Rxh3+ 38. Kg2 Rxc3 39. d6 Rd8 40. Kxf2 Rxd6 41. Ke2 Rh3 0-1